000 00525 a2200193 4500
999 _c196642
_d196642
005 20230719152837.0
010 _aENG-137457
020 _a9788188893294
_c220.00
035 _aEN-120989
037 _bDBAD/Pub
082 1 4 _aS
100 _aSatprem.
245 1 _aBy of the Body Of the Earth/
_csatprem
246 _aThe Sannyasi/
260 _aMysore
_bParksons Graphics India
270 _aMira aditi centre 27,I block Ramakrishna nagar
_bMysore
_e570022
300 _a379p.;
_c22cm(pbk)
942 _cEN
_2ddc
_hS
_mSAP